|
|
|
|
| LEADER |
00000nam0a2200000 4500 |
| 001 |
113963 |
| 005 |
20231031122047.0 |
| 035 |
|
|
|a (RuTPU)RU\TPU\book\123236
|
| 035 |
|
|
|a RU\TPU\book\123231
|
| 090 |
|
|
|a 113963
|
| 100 |
|
|
|a 20070418d1964 k y0rusy50 ca
|
| 101 |
0 |
|
|a rus
|
| 102 |
|
|
|a RU
|
| 105 |
|
|
|a a b 000zy
|
| 200 |
1 |
|
|a Каталог химического оборудования
|f Коростеньский завод химического машиностроения "Коростеньхиммаш"; под ред. И. А. Конюшенко
|
| 210 |
|
|
|a Москва
|c Машиностроение
|d 1964
|
| 215 |
|
|
|a 43 с.
|c ил.
|
| 333 |
|
|
|a Исключено из фонда НТБ ТПУ
|
| 702 |
|
1 |
|a Конюшенко
|b И. А.
|4 340
|
| 712 |
0 |
2 |
|a Коростеньский завод химического машиностроения "Коростеньхиммаш"
|
| 801 |
|
1 |
|a RU
|b 63413507
|c 20070418
|g PSBO
|
| 801 |
|
2 |
|a RU
|b 63413507
|c 20220617
|g PSBO
|
| 942 |
|
|
|c BK
|